[Event "Niedersachsen-ch Seniors 40th"]
[Site "Wingst"]
[Date "2006.04.11"]
[Round "8"]
[White "Brandt, Wilhelm"]
[Black "Rickers, Gerd"]
[Result "1/2-1/2"]
[WhiteElo "1941"]
[BlackElo "1956"]
[PlyCount "29"]
[EventDate "2006.04.04"]
[EventType "swiss"]
[EventRounds "9"]
[EventCountry "GER"]
[SourceTitle "EXT 2007"]
[Source "ChessBase"]
[SourceDate "2006.11.23"]
[SourceVersion "1"]
[SourceVersionDate "2006.11.23"]
[SourceQuality "1"]

1. d4 d5 2. c4 c6 3. Nc3 Nf6 4. Nf3 dxc4 5. a4 Bf5 6. e3 e6 7. Bxc4 Bb4 8. 0-0 Nbd7 9. Qb3 a5 10. Na2 Be7 11. Qxb7 Rb8 12. Qa7 Ra8 13. Qb7 Rb8 14. Qa7 Ra8 15. Qb7 1/2-1/2

[Event "Niedersachsen-ch Seniors 40th"]
[Site "Wingst"]
[Date "2006.04.09"]
[Round "6"]
[White "Brandt, Wilhelm"]
[Black "Helmsen, Franz"]
[Result "1/2-1/2"]
[WhiteElo "1941"]
[BlackElo "2030"]
[PlyCount "29"]
[EventDate "2006.04.04"]
[EventType "swiss"]
[EventRounds "9"]
[EventCountry "GER"]
[SourceTitle "EXT 2007"]
[Source "ChessBase"]
[SourceDate "2006.11.23"]
[SourceVersion "1"]
[SourceVersionDate "2006.11.23"]
[SourceQuality "1"]

1. d4 Nf6 2. c4 e6 3. Nc3 Bb4 4. Bg5 h6 5. Bxf6 Qxf6 6. Rc1 b6 7. a3 Bxc3+ 8. Rxc3 Bb7 9. Nf3 d6 10. g3 Nd7 11. Bg2 Qe7 12. 0-0 0-0 13. Re1 Nf6 14. Nd2 Bxg2 15. Kxg2 1/2-1/2

[Event "Wch Seniors 14th"]
[Site "Halle"]
[Date "2004.11.04"]
[Round "10"]
[White "Brandt, Wilhelm"]
[Black "Zunker, Reinhard"]
[Result "1/2-1/2"]
[WhiteElo "2096"]
[BlackElo "2252"]
[PlyCount "96"]
[EventDate "2004.10.24"]
[EventType "swiss"]
[EventRounds "11"]
[EventCountry "GER"]
[SourceTitle "EXT 2005"]
[Source "ChessBase"]
[SourceDate "2004.11.15"]
[SourceVersion "1"]
[SourceVersionDate "2004.11.15"]
[SourceQuality "1"]

1. d4 Nf6 2. c4 g6 3. Nc3 Bg7 4. e4 d6 5. f3 0-0 6. Be3 a6 7. Qd2 Nc6 8. Bd3 e5 9. Nge2 Ng4 10. Bg5 f6 11. d5 Nb4 12. h3 Nh6 13. Bh4 Nxd3+ 14. Qxd3 c6 15. g4 Nf7 16. Bf2 c5 17. h4 f5 18. gxf5 gxf5 19. 0-0-0 b5 20. Rdg1 Kh8 21. Be3 f4 22. Bf2 Bd7 23. Kb1 Rb8 24. Nc1 Bf6 25. Be1 Rg8 26. N3e2 Qb6 27. Qc3 Qd8 28. Bf2 Qb6 29. a3 b4 30. axb4 Qxb4 31. Rxg8+ Kxg8 32. Na2 Qxc3 33. Nexc3 Kg7 34. Kc2 Kh6 35. Rg1 Kh5 36. Nc1 Nh6 37. Nd3 Rg8 38. Rxg8 Nxg8 39. b4 cxb4 40. Nxb4 Bxh4 41. Bxh4 Kxh4 42. Nxa6 Kg3 43. c5 dxc5 44. Nxc5 Nf6 45. Nd3 h5 46. Nxe5 h4 47. Ne2+ Kf2 48. Nxf4 Kg3 1/2-1/2

[Event "Wch Seniors 14th"]
[Site "Halle"]
[Date "2004.10.28"]
[Round "5"]
[White "Luetje, Juergen"]
[Black "Brandt, Wilhelm"]
[Result "1-0"]
[WhiteElo "2140"]
[BlackElo "2096"]
[PlyCount "69"]
[EventDate "2004.10.24"]
[EventType "swiss"]
[EventRounds "11"]
[EventCountry "GER"]
[SourceTitle "EXT 2005"]
[Source "ChessBase"]
[SourceDate "2004.11.15"]
[SourceVersion "1"]
[SourceVersionDate "2004.11.15"]
[SourceQuality "1"]

1. d4 e6 2. Nf3 d5 3. e3 Nf6 4. Bd3 c5 5. c3 Nc6 6. Nbd2 Bd7 7. 0-0 Bd6 8. dxc5 Bxc5 9. Qe2 Bd6 10. e4 Qc7 11. Re1 Ne5 12. exd5 Nxd3 13. Qxd3 0-0 14. dxe6 Bxe6 15. Ne4 Nxe4 16. Qxe4 Bd7 17. h3 Rae8 18. Qd3 Rxe1+ 19. Nxe1 Bc6 20. Be3 Rd8 21. Bd4 Bh2+ 22. Kh1 Bf4 23. Rd1 a6 24. Nf3 Qd7 25. Re1 f6 26. Kg1 Qf7 27. b3 Qh5 28. Qe2 Re8 29. Qc4+ Kh8 30. Rxe8+ Qxe8 31. Bxf6 Bc7 32. Bd4 Qg6 33. Ne1 Qd6 34. Qf7 Qh2+ 35. Kf1 1-0

[Event "Niedersachsen-ch Seniors 38th"]
[Site "Wingst"]
[Date "2004.03.23"]
[Round "8"]
[White "Zotin, Vladimir"]
[Black "Brandt, Wilhelm"]
[Result "0-1"]
[WhiteElo "2033"]
[BlackElo "2109"]
[PlyCount "31"]
[EventDate "2004.03.16"]
[EventType "swiss"]
[EventRounds "9"]
[EventCountry "GER"]
[SourceTitle "EXT 2006"]
[Source "ChessBase"]
[SourceDate "2005.11.24"]
[SourceVersion "1"]
[SourceVersionDate "2005.11.24"]
[SourceQuality "1"]

1. e4 e6 2. d4 d5 3. Bd3 dxe4 4. Bxe4 Nf6 5. Bg5 h6 6. Bxf6 Qxf6 7. c3 Bd6 8. Nd2 c6 9. Qe2 Nd7 10. d5 exd5 11. Bxd5+ Qe7 12. Bb3 Nf6 13. 0-0-0 0-0 14. Qxe7 Bxe7 15. f3 Bc5 16. Re1 0-1

[Event "Niedersachsen-ch Seniors 38th"]
[Site "Wingst"]
[Date "2004.03.22"]
[Round "7"]
[White "Brandt, Wilhelm"]
[Black "Ousatchi, Mark"]
[Result "0-1"]
[WhiteElo "2109"]
[BlackElo "2164"]
[PlyCount "61"]
[EventDate "2004.03.16"]
[EventType "swiss"]
[EventRounds "9"]
[EventCountry "GER"]
[SourceTitle "EXT 2006"]
[Source "ChessBase"]
[SourceDate "2005.11.24"]
[SourceVersion "1"]
[SourceVersionDate "2005.11.24"]
[SourceQuality "1"]

1. d4 Nf6 2. c4 e6 3. Nc3 d5 4. e3 Be7 5. Nf3 0-0 6. cxd5 exd5 7. Qb3 c6 8. Bd3 Bd6 9. h3 Re8 10. Qc2 Nbd7 11. 0-0 Nf8 12. a4 a5 13. b3 Qe7 14. Re1 Ne4 15. Nb1 Qf6 16. Qe2 Qh6 17. Qf1 Bd7 18. Ba3 Bc7 19. Nbd2 f5 20. b4 Ng6 21. Nb3 axb4 22. Bxb4 f4 23. Nc5 Nxc5 24. Bxc5 fxe3 25. fxe3 Rxe3 26. Bxg6 hxg6 27. Reb1 Rb8 28. Ne5 Bf5 29. Rb2 Bxe5 30. dxe5 Rxe5 31. Raa2 0-1

[Event "Niedersachsen-ch Seniors 38th"]
[Site "Wingst"]
[Date "2004.03.20"]
[Round "5"]
[White "Brandt, Wilhelm"]
[Black "Niebuhr, Gerd"]
[Result "1-0"]
[WhiteElo "2109"]
[BlackElo "1867"]
[PlyCount "61"]
[EventDate "2004.03.16"]
[EventType "swiss"]
[EventRounds "9"]
[EventCountry "GER"]
[SourceTitle "EXT 2006"]
[Source "ChessBase"]
[SourceDate "2005.11.24"]
[SourceVersion "1"]
[SourceVersionDate "2005.11.24"]
[SourceQuality "1"]

1. d4 Nf6 2. c4 g6 3. Nc3 d5 4. e3 Bg7 5. Nf3 0-0 6. Qb3 e6 7. Bd2 b6 8. cxd5 exd5 9. Be2 Bb7 10. 0-0 Nbd7 11. Na4 Ne4 12. Bb4 Re8 13. Rac1 Rc8 14. Ba3 c6 15. Rc2 Bf8 16. Bxf8 Kxf8 17. Rfc1 Qe7 18. Nc3 f6 19. a4 a5 20. Bd3 Qb4 21. Qa2 f5 22. Ne2 Qe7 23. g3 Nxf2 24. Bxf5 gxf5 25. Kxf2 Qxe3+ 26. Kg2 c5 27. Nf4 c4 28. Re1 Qb3 29. Rxe8+ Kxe8 30. Re2+ Kf7 31. Qb1 1-0

[Event "Niedersachsen-ch Seniors 37th"]
[Site "Wingst"]
[Date "2003.04.09"]
[Round "2"]
[White "Brandt, Wilhelm"]
[Black "Gudat, Alfons"]
[Result "1/2-1/2"]
[WhiteElo "1848"]
[BlackElo "2063"]
[PlyCount "88"]
[EventDate "2003.04.08"]
[EventType "swiss"]
[EventRounds "9"]
[EventCountry "GER"]
[SourceTitle "EXT 2006"]
[Source "ChessBase"]
[SourceDate "2005.11.24"]
[SourceVersion "1"]
[SourceVersionDate "2005.11.24"]
[SourceQuality "1"]

1. d4 Nf6 2. c4 c5 3. d5 b5 4. Qc2 d6 5. e4 g6 6. cxb5 Bg7 7. a4 0-0 8. Nf3 a6 9. Ra3 Nxe4 10. Qxe4 Bf5 11. Qh4 Bxb1 12. Bh6 e6 13. Qxd8 Rxd8 14. Bxg7 Kxg7 15. Bc4 axb5 16. axb5 Rxa3 17. bxa3 exd5 18. Bxd5 Bd3 19. b6 Nd7 20. b7 Ba6 21. Kd2 h6 22. Rb1 g5 23. h3 Rb8 24. Kc3 Kf6 25. Nd2 Ke7 26. Nc4 Bxc4 27. Kxc4 Kd8 28. Kb5 Kc7 29. a4 Nb6 30. Bxf7 Rxb7 31. Ka6 Rb8 32. a5 Ra8+ 33. Kb5 Nc8 34. Ka4 Ne7 35. Re1 Nc6 36. Bd5 Rxa5+ 37. Kb3 Nb4 38. Kc3 Ra3+ 39. Kc4 Ra2 40. Re7+ Kd8 41. Rf7 Re2 42. Rf8+ Ke7 43. Rf7+ Ke8 44. Rf6 Ke7 1/2-1/2

[Event "Wch Seniors 13th"]
[Site "Bad Zwischenahn"]
[Date "2003.??.??"]
[Round "?"]
[White "Bardin, Christian"]
[Black "Brandt, Wilhelm"]
[Result "0-1"]
[WhiteElo "1760"]
[BlackElo "1870"]
[PlyCount "128"]
[EventDate "2003.11.16"]
[EventType "swiss"]
[EventRounds "11"]
[EventCountry "GER"]
[SourceTitle "CBM 097 Extra"]
[Source "ChessBase"]
[SourceDate "2004.01.13"]
[SourceVersion "1"]
[SourceVersionDate "2004.01.13"]
[SourceQuality "1"]

1. e4 d6 2. c4 c5 3. Ne2 e5 4. g3 f5 5. exf5 Bxf5 6. Bg2 Nc6 7. 0-0 Nf6 8. Nbc3 Bd3 9. Re1 Qd7 10. Nf4 Bxc4 11. d3 Bf7 12. Nfd5 Be7 13. Nxf6+ Bxf6 14. Nd5 Bd8 15. f4 0-0 16. fxe5 dxe5 17. Nc3 Bb6 18. Kh1 Rae8 19. Be3 Be6 20. Be4 Bg4 21. Qb3+ Kh8 22. Qd5 Qxd5 23. Nxd5 Nd4 24. Bxd4 exd4 25. Nxb6 axb6 26. Bxb7 g6 27. Rxe8 Rxe8 28. Be4 Kg7 29. Rf1 Re5 30. Kg1 c4 31. Rf2 Be6 32. a3 cxd3 33. Bxd3 Re1+ 34. Rf1 Re3 35. Rd1 Kf6 36. Kf2 Bg4 37. Rd2 h5 38. Be2 Bxe2 39. Rxe2 Rb3 40. Ke1 Kf5 41. Kd1 d3 42. Re3 g5 43. h3 h4 44. gxh4 gxh4 45. Kd2 Kf4 46. Rxd3 Rxb2+ 47. Kc3 Rg2 48. Kc4 Rg3 49. Rd4+ Kg5 50. Rd5+ Kf6 51. Rd6+ Ke5 52. Rxb6 Rxa3 53. Rb5+ Kf4 54. Kd4 Rxh3 55. Rb8 Ra3 56. Rf8+ Kg3 57. Rg8+ Kf2 58. Ke4 h3 59. Rf8+ Kg2 60. Rb8 h2 61. Rb2+ Kh3 62. Rb1 Rg3 63. Kf4 Rg4+ 64. Kf3 Rg1 0-1

[Event "Nord West Cup 05th"]
[Site "Bad Zwischenahn"]
[Date "2003.??.??"]
[Round "7"]
[White "Brandt, Wilhelm"]
[Black "Jordan, Juergen"]
[Result "0-1"]
[WhiteElo "1848"]
[BlackElo "2094"]
[PlyCount "68"]
[EventDate "2003.02.??"]
[EventType "swiss"]
[EventRounds "7"]
[EventCountry "GER"]
[SourceTitle "EXT 2004"]
[Source "ChessBase"]
[SourceDate "2003.11.25"]
[SourceVersion "1"]
[SourceVersionDate "2003.11.25"]
[SourceQuality "1"]

1. d4 Nf6 2. c4 e5 3. d5 Bc5 4. e3 0-0 5. Nc3 d6 6. Bd3 Qe7 7. Qc2 c6 8. Nge2 Na6 9. a3 cxd5 10. cxd5 Nc7 11. b4 Bb6 12. Qb3 Bd7 13. Ng3 Ng4 14. a4 a5 15. b5 f5 16. Nd1 f4 17. Nf1 e4 18. Be2 fxe3 19. Nfxe3 Nxf2 20. Nxf2 Rxf2 21. Kxf2 Qf6+ 22. Kg3 Qe5+ 23. Kf2 Rf8+ 24. Ke1 Qxa1 25. Qb1 Qf6 26. Rf1 Qh4+ 27. Kd2 Bxe3+ 28. Kxe3 Qg5+ 29. Kd4 Qe5+ 30. Kc4 Rc8 31. Kb3 Nxd5 32. Bb2 Nc3 33. Bc4+ Rxc4 34. Kxc4 Be6# 0-1

[Event "Nord West Cup 05th"]
[Site "Bad Zwischenahn"]
[Date "2003.??.??"]
[Round "1"]
[White "Brandt, Wilhelm"]
[Black "Vasiljevic, Dragan"]
[Result "1/2-1/2"]
[WhiteElo "1848"]
[BlackElo "2361"]
[PlyCount "115"]
[EventDate "2003.02.??"]
[EventType "swiss"]
[EventRounds "7"]
[EventCountry "GER"]
[SourceTitle "EXT 2004"]
[Source "ChessBase"]
[SourceDate "2003.11.25"]
[SourceVersion "1"]
[SourceVersionDate "2003.11.25"]
[SourceQuality "1"]

1. d4 Nf6 2. c4 c5 3. d5 g6 4. Nc3 Bg7 5. e4 d6 6. Be2 0-0 7. Be3 e6 8. dxe6 Bxe6 9. Qd2 Nc6 10. Nf3 Qb6 11. Rd1 Rad8 12. Bg5 Rd7 13. 0-0 Qb4 14. b3 a6 15. Qc2 Qa5 16. a4 Bg4 17. Qd3 Bxf3 18. gxf3 Nd4 19. Bxf6 Bxf6 20. Nd5 Bg7 21. Rb1 Qd8 22. f4 Qh4 23. Bd1 Re8 24. Re1 f5 25. Qg3 Qxg3+ 26. hxg3 fxe4 27. b4 cxb4 28. Rxb4 a5 29. Rb6 Kf8 30. Bg4 Nf5 31. Rd1 Rc8 32. Bxf5 gxf5 33. Ne3 Rc6 34. Rxc6 bxc6 35. Nxf5 d5 36. Nxg7 Kxg7 37. cxd5 cxd5 38. Rd4 Kf6 39. Kf1 Ke6 40. Ke2 Rb7 41. Rd2 Rb4 42. f5+ Ke5 43. f6 Rb6 44. f7 Rf6 45. Rb2 Rxf7 46. Rb5 Ra7 47. Ke3 h5 48. Rc5 Rb7 49. Rxa5 Rb3+ 50. Ke2 Kd4 51. Ra8 Rb2+ 52. Kf1 Ra2 53. a5 Kd3 54. a6 d4 55. a7 Ra1+ 56. Kg2 Ra2 57. Kf1 Ra1+ 58. Kg2 1/2-1/2